Statistics for Emma Myers Filmography

Click here to take the quiz!

General Stats

  • This quiz has been taken 36 times
    (2 since last reset)
  • The average score is 3 of 14

Answer Stats

TypeYearName% Correct
Film2023Family Switch
100%
Web Series2022-PresentWednesday
100%
TV ShowTBAA Good Girl's Guide to Murder
50%
Film2025Minecraft
50%
TV Film2020A Taste of Christmas
0%
Short Film2010Crooked
0%
Web Series2020Dead of Night
0%
Short Film2020Deathless
0%
Film2021Girl in the Basement
0%
Film2010Letters to God
0%
Short Film2019Love, Innocence
0%
Film2023Southern Gospel
0%
TV Show2020The Baker and the Beauty
0%
TV Show2010The Glades
0%

Score Distribution

Percentile by Number Answered

Percent of People with Each Score

Your Score History

You have not taken this quiz since the last reset